| 000 | 00691nam a22002537a 4500 | ||
|---|---|---|---|
| 008 | 130505b xxu||||| |||| 00| 0 eng d | ||
| 020 | _a978-81-317-1885-8 | ||
| 024 | _cavailable | ||
| 037 | _cavailable | ||
| 040 |
_ambstu Library _dMbstu Library |
||
| 082 |
_222 _a546 MII |
||
| 100 | _aMiessler, Gary L | ||
| 110 | _aTarr, Donald A | ||
| 245 | _aInorganic chemistry | ||
| 250 | _a3rd Edition | ||
| 260 |
_aNew Delhi _bPearson Education _c2012 |
||
| 300 |
_a25.5 cm _bxiv,740 page _f1 _g25.5 cm |
||
| 600 | _2Inorganic Chemistry | ||
| 700 | _a | ||
| 270 |
_aNew Delhi _bNew Delhi _dIndia |
||
| 365 |
_b525.00 _d525.00 |
||
| 942 |
_2ddc _cBK |
||
| 999 |
_c295 _d295 |
||